000 00667nam a2200241Ia 4500
003 OSt
005 20221007074126.0
006 a|||||r|||| 00| 0
007 ta
008 221006b |||||||| |||| 00| 0 eng d
024 _a1,363
037 _cReference Collections
040 _aFLL
_cFLL
_beng
041 _2eng
_aeng
082 _aX72:Z2, K5;L1
100 _aAiyar A. N.
245 0 _aIndian tax laws (1971)
260 _aMadras
_bCompany Law Institute of India Private Ltd. India
_c1971
300 _a174p,187p
_ccm.
650 _aIncome tax
942 _hX72:Z2, K5;L1
_cREF
_2CC
999 _c1151248
_d1151248